000 00449nam a2200181Ia 4500
003 GCL
008 140319s9999 xx 000 0 eng d
040 _aGCL /
_cGCL
082 0 4 _a781.224
_bS I
100 1 _aSEN, ARUN KUMAR
245 1 0 _aINDIAN CONCEPT OF RHYTHM /
_cSEN, ARUN KUMAR
260 _a[S.N] :
_bKAANNA TECH PUBLICATIONS ،
_c1991
300 _a178 P
650 0 4 _aMUSIC
650 0 4 _aINDIAN
650 0 4 _aRHYTHM
942 _2ddc
_cBK
999 _c10465
_d10465